| 000 | 00982cab a2200205 4500 | ||
|---|---|---|---|
| 001 | ##L133693 | ||
| 008 | 060602n2006 000 0 eng u | ||
| 035 | _a(Sirsi) u133693 | ||
| 041 | 0 | _aeng | |
| 100 | 1 | _aMo, Debra | |
| 245 | 0 | 0 | _aMultiple occupation |
| 260 | _c2006 | ||
| 490 | 0 |
_aSolicitors' Journal _v150(19) 19 May 2006, 630-631(2) |
|
| 520 | _aHighlights the impact of the Housing Act 2004 Part II (licensing of houses in multiple occupation) on landlords and tenants. Discusses the extent of the licensing scheme and its reception by landlords and local authorities. Reports on the license fees and the requirements specified within the license. Considers enforcement of the scheme, and the rights of occupiers to protection by local authorities from nuisance behaviour. | ||
| 590 | _aIKA060606 | ||
| 650 | 2 | 4 | _aHOUSING ACT 2004 PART II |
| 651 | 4 |
_aEngland and Wales _y1543- |
|
| 690 | _aPROPERTY-RESIDENTIAL PROPERTY-RESIDENTIAL LANDLORD AND TENANT | ||
| 942 | _n0 | ||
| 999 |
_c77159 _d77159 |
||